Women of the Bible - Statistics

General Stats
  • This quiz has been taken 188 times
  • The average score is 8 of 15
Answer Stats
Hint Answer % Correct
mother of Jesus Mary
100%
mother of Cain and Abel Eve
94%
followed Naomi home Ruth
87%
treacherous woman loved by Samson Delilah
80%
Mary's sister who worried Martha
68%
Jacob's first wife Leah
66%
mother of Solomon Bathsheba
65%
helped save her brother, Moses Miriam
64%
considered by many a disciple of Jesus Mary Magdalene
54%
helped Israelites conquer Jericho Rahab
49%
missionary wife of Aquila Priscilla
40%
danced for Herod Salome
27%
saved from execution by Daniel Susanna
7%
made clothes for the poor Dorcas/Tabitha
1%
beautiful Persian queen Esther/ Hadassah
1%
No matching quizzes found
Score Distribution
Percent of People with Each Score
Percentile by Number Answered
Your Score History
You have not taken this quiz